Modelo de escorrentía a partir de información geográfica
Enregistré dans:
| Auteur principal: | |
|---|---|
| Autres auteurs: | |
| Format: | Livre |
| Publié: |
San José, Costa Rica
1993
|
| Sujets: | |
| Tags: |
Ajouter un tag
Pas de tags, Soyez le premier à ajouter un tag!
|
MARC
| LEADER | 00000nam a2200000Ia 4500 | ||
|---|---|---|---|
| 003 | 006040 | ||
| 005 | 20221231144318.0 | ||
| 008 | 140114s1993 cr a m 000 ||s d | ||
| 040 | |c cru CEDI | ||
| 090 | |a TFG 2731 | ||
| 100 | |a Avila De Benedictis, Gilberto |9 12170 | ||
| 245 | |a Modelo de escorrentía a partir de información geográfica | ||
| 260 | |c 1993 |a San José, Costa Rica | ||
| 300 | |a iii, 64 hojas : ilustraciones (algunas plegables) ; 28 cm. | ||
| 500 | |a Proyecto de graduación (licenciatura en ingeniería civil)--Universidad de Costa Rica. Facultad de Ingeniería. Escuela de Ingeniería Civil | ||
| 650 | |x HIDROLOGIA - COSTA RICA |x SENSORES REMOTOS |x ESCORRENTIA |9 12172 | ||
| 700 | |9 12171 |a Matamoros Alfaro, Julio César | ||
| 942 | |c TFG | ||
| 999 | |c 19974 |d 19974 | ||
